Manual de refrigeración y aire acondicionado

Spremljeno u:
Bibliografski detalji
Autor kompanije: Air Conditioning and Refrigeration Institute (Autor)
Format: Knjiga
Jezik:španjolski
Izdano: Ciudad de México Prentice Hall 1999
Izdanje:3a. ed
Teme:
Oznake: Dodaj oznaku
Bez oznaka, Budi prvi tko označuje ovaj zapis!

MARC

LEADER 00000nam a2200000 a 4500
001 UCL1589
003 CL-VaPUC
008 030911e19990000MX |||||||||||||||||spa|d
020 |a 9701702158 
020 |a 9701702166v.1 
020 |a 9701702174v.2 
020 |a 9701702182v.3 
082 0 4 |a 621.56  |b AIR  |2 21 
110 2 |a Air Conditioning and Refrigeration Institute  |e author  |9 478449 
245 1 0 |a Manual de refrigeración y aire acondicionado 
250 |a 3a. ed 
300 |a 3 v 
942 |c BK 
945 |d 20030911 00:00:00  |a cmena 
260 |a Ciudad de México  |b Prentice Hall  |c 1999 
650 0 |a Refrigeración  |9 259343 
650 0 |a Aire acondicionado  |9 259344 
650 0 |a Transferencia de calor  |9 336631 
583 |a last modification  |c 20030911 00:00:00  |k Rodrigo Vera 
999 |c 305087  |d 305085 
952 |0 0  |1 0  |4 0  |6 621_560000000000000_AIR_1999  |7 0  |8 A  |9 368047  |a BIBMEC  |b BIBMEC  |d 2019-11-21  |h v.2  |i 3938417  |o 621.56 AIR 1999  |p 3938417  |r 2019-11-21  |w 2019-11-21  |y BK  |k MEC 
952 |0 0  |1 0  |4 0  |6 621_560000000000000_AIR_1999  |7 0  |8 A  |9 368048  |a BIBMEC  |b BIBMEC  |d 2019-11-21  |h v.3  |i 3938425  |o 621.56 AIR 1999  |p 3938425  |r 2024-01-19  |w 2019-11-21  |y BK  |k MEC